<?xml version="1.0" encoding="UTF-8"?>
<record
    xmlns:xsi="http://www.w3.org/2001/XMLSchema-instance"
    xsi:schemaLocation="http://www.loc.gov/MARC21/slim http://www.loc.gov/standards/marcxml/schema/MARC21slim.xsd"
    xmlns="http://www.loc.gov/MARC21/slim">

  <leader>00952nam a22002297a 4500</leader>
  <controlfield tag="005">20160315165023.0</controlfield>
  <datafield tag="010" ind1=" " ind2=" ">
    <subfield code="a">1516EN07     ENG-114705</subfield>
  </datafield>
  <datafield tag="020" ind1=" " ind2=" ">
    <subfield code="c">550.00</subfield>
    <subfield code="a">9788184888416</subfield>
  </datafield>
  <datafield tag="035" ind1=" " ind2=" ">
    <subfield code="a">EN-98237</subfield>
  </datafield>
  <datafield tag="035" ind1=" " ind2=" ">
    <subfield code="a">B-601857-872</subfield>
  </datafield>
  <datafield tag="037" ind1=" " ind2=" ">
    <subfield code="a">dpl</subfield>
    <subfield code="b">Himalaya Publishing  House/Ven</subfield>
  </datafield>
  <datafield tag="037" ind1=" " ind2=" ">
    <subfield code="b">DBAD/PUB</subfield>
  </datafield>
  <datafield tag="082" ind1=" " ind2=" ">
    <subfield code="a">650.144</subfield>
  </datafield>
  <datafield tag="100" ind1=" " ind2=" ">
    <subfield code="a">Sajitha Jayaprakash</subfield>
  </datafield>
  <datafield tag="245" ind1=" " ind2=" ">
    <subfield code="a">Interview skills :</subfield>
    <subfield code="c">by Sajitha Jayaprakash</subfield>
    <subfield code="b">presenting yourself with confidence /</subfield>
  </datafield>
  <datafield tag="260" ind1=" " ind2=" ">
    <subfield code="a">New Delhi</subfield>
    <subfield code="b">Himalaya Publishing House</subfield>
    <subfield code="c">2015(repr.)</subfield>
  </datafield>
  <datafield tag="270" ind1=" " ind2=" ">
    <subfield code="a">Pooja Apartments, 4-B, Murari Lal street, Ansari Road, Darya Ganj</subfield>
    <subfield code="b"> New Delhi</subfield>
    <subfield code="e">110002</subfield>
  </datafield>
  <datafield tag="300" ind1=" " ind2=" ">
    <subfield code="a">231p.</subfield>
    <subfield code="c">22cm(Hb)</subfield>
  </datafield>
  <datafield tag="500" ind1=" " ind2=" ">
    <subfield code="a">Includes index</subfield>
  </datafield>
  <datafield tag="942" ind1=" " ind2=" ">
    <subfield code="2">ddc</subfield>
    <subfield code="c">EN</subfield>
    <subfield code="m">SAJ</subfield>
    <subfield code="h">650.144</subfield>
  </datafield>
  <datafield tag="999" ind1=" " ind2=" ">
    <subfield code="c">96051</subfield>
    <subfield code="d">96051</subfield>
  </datafield>
  <datafield tag="952" ind1=" " ind2=" ">
    <subfield code="0">0</subfield>
    <subfield code="1">0</subfield>
    <subfield code="4">0</subfield>
    <subfield code="7">1</subfield>
    <subfield code="8">NFIC</subfield>
    <subfield code="a">DBAD</subfield>
    <subfield code="b">DBAD</subfield>
    <subfield code="d">2015-12-31</subfield>
    <subfield code="e">DBAD/PUB</subfield>
    <subfield code="g">550.00</subfield>
    <subfield code="l">0</subfield>
    <subfield code="o">650.144 SAJ</subfield>
    <subfield code="p">EN-98237</subfield>
    <subfield code="r">2015-12-31 00:00:00</subfield>
    <subfield code="t">1</subfield>
    <subfield code="v">550.00</subfield>
    <subfield code="y">EN</subfield>
  </datafield>
  <datafield tag="952" ind1=" " ind2=" ">
    <subfield code="0">0</subfield>
    <subfield code="1">0</subfield>
    <subfield code="4">0</subfield>
    <subfield code="7">0</subfield>
    <subfield code="8">NFIC</subfield>
    <subfield code="a">L</subfield>
    <subfield code="b">L</subfield>
    <subfield code="d">2016-03-15</subfield>
    <subfield code="e">A451323/29.9.2015/117/16.9.2015/30.9.2015</subfield>
    <subfield code="g">550.00</subfield>
    <subfield code="l">1</subfield>
    <subfield code="o">650.144 SAJ</subfield>
    <subfield code="p">B-601857</subfield>
    <subfield code="r">2017-05-22 00:00:00</subfield>
    <subfield code="s">2017-05-06</subfield>
    <subfield code="t">2</subfield>
    <subfield code="v">550.00</subfield>
    <subfield code="y">EN</subfield>
  </datafield>
  <datafield tag="952" ind1=" " ind2=" ">
    <subfield code="0">0</subfield>
    <subfield code="1">0</subfield>
    <subfield code="4">0</subfield>
    <subfield code="7">0</subfield>
    <subfield code="8">NFIC</subfield>
    <subfield code="a">L</subfield>
    <subfield code="b">L</subfield>
    <subfield code="d">2016-03-15</subfield>
    <subfield code="e">A451323/29.9.2015/117/16.9.2015/30.9.2015</subfield>
    <subfield code="g">550.00</subfield>
    <subfield code="l">2</subfield>
    <subfield code="o">650.144 SAJ</subfield>
    <subfield code="p">B-601858</subfield>
    <subfield code="r">2018-02-01 00:00:00</subfield>
    <subfield code="s">2018-01-13</subfield>
    <subfield code="t">2</subfield>
    <subfield code="v">550.00</subfield>
    <subfield code="y">EN</subfield>
  </datafield>
  <datafield tag="952" ind1=" " ind2=" ">
    <subfield code="0">0</subfield>
    <subfield code="1">0</subfield>
    <subfield code="4">0</subfield>
    <subfield code="7">1</subfield>
    <subfield code="8">REF</subfield>
    <subfield code="a">L</subfield>
    <subfield code="b">L</subfield>
    <subfield code="d">2016-03-15</subfield>
    <subfield code="e">A451323/29.9.2015/117/16.9.2015/30.9.2015</subfield>
    <subfield code="g">550.00</subfield>
    <subfield code="l">0</subfield>
    <subfield code="o">650.144 SAJ</subfield>
    <subfield code="p">B-601859</subfield>
    <subfield code="r">2016-03-15 00:00:00</subfield>
    <subfield code="t">1</subfield>
    <subfield code="v">550.00</subfield>
    <subfield code="y">EN</subfield>
  </datafield>
  <datafield tag="952" ind1=" " ind2=" ">
    <subfield code="0">0</subfield>
    <subfield code="1">0</subfield>
    <subfield code="4">0</subfield>
    <subfield code="7">0</subfield>
    <subfield code="8">NFIC</subfield>
    <subfield code="a">NPL</subfield>
    <subfield code="b">NPL</subfield>
    <subfield code="d">2016-03-15</subfield>
    <subfield code="e">A451323/29.9.2015/117/16.9.2015/30.9.2015</subfield>
    <subfield code="g">550.00</subfield>
    <subfield code="l">0</subfield>
    <subfield code="o">650.144 SAJ</subfield>
    <subfield code="p">B-601860</subfield>
    <subfield code="r">2016-03-15 00:00:00</subfield>
    <subfield code="t">1</subfield>
    <subfield code="v">550.00</subfield>
    <subfield code="y">EN</subfield>
  </datafield>
  <datafield tag="952" ind1=" " ind2=" ">
    <subfield code="0">0</subfield>
    <subfield code="1">0</subfield>
    <subfield code="4">0</subfield>
    <subfield code="7">0</subfield>
    <subfield code="8">NFIC</subfield>
    <subfield code="a">BL1</subfield>
    <subfield code="b">BL1</subfield>
    <subfield code="d">2016-03-15</subfield>
    <subfield code="e">A451323/29.9.2015/117/16.9.2015/30.9.2015</subfield>
    <subfield code="g">550.00</subfield>
    <subfield code="l">7</subfield>
    <subfield code="m">8</subfield>
    <subfield code="o">650.144 SAJ</subfield>
    <subfield code="p">B-601861</subfield>
    <subfield code="r">2023-02-01 00:00:00</subfield>
    <subfield code="s">2022-12-01</subfield>
    <subfield code="t">1</subfield>
    <subfield code="v">550.00</subfield>
    <subfield code="y">EN</subfield>
  </datafield>
  <datafield tag="952" ind1=" " ind2=" ">
    <subfield code="0">0</subfield>
    <subfield code="1">0</subfield>
    <subfield code="4">0</subfield>
    <subfield code="7">0</subfield>
    <subfield code="8">NFIC</subfield>
    <subfield code="a">JP</subfield>
    <subfield code="b">JP</subfield>
    <subfield code="d">2016-03-15</subfield>
    <subfield code="e">A451323/29.9.2015/117/16.9.2015/30.9.2015</subfield>
    <subfield code="g">550.00</subfield>
    <subfield code="l">14</subfield>
    <subfield code="m">4</subfield>
    <subfield code="o">650.144 SAJ</subfield>
    <subfield code="p">B-601862</subfield>
    <subfield code="r">2019-01-19 00:00:00</subfield>
    <subfield code="s">2018-12-22</subfield>
    <subfield code="t">1</subfield>
    <subfield code="v">550.00</subfield>
    <subfield code="y">EN</subfield>
  </datafield>
  <datafield tag="952" ind1=" " ind2=" ">
    <subfield code="0">0</subfield>
    <subfield code="1">0</subfield>
    <subfield code="4">0</subfield>
    <subfield code="7">0</subfield>
    <subfield code="8">NFIC</subfield>
    <subfield code="a">ZLS</subfield>
    <subfield code="b">ZLS</subfield>
    <subfield code="d">2016-03-15</subfield>
    <subfield code="e">A451323/29.9.2015/117/16.9.2015/30.9.2015</subfield>
    <subfield code="g">550.00</subfield>
    <subfield code="l">2</subfield>
    <subfield code="m">2</subfield>
    <subfield code="o">650.144 SAJ</subfield>
    <subfield code="p">B-601863</subfield>
    <subfield code="r">2019-03-08 00:00:00</subfield>
    <subfield code="s">2019-01-09</subfield>
    <subfield code="t">1</subfield>
    <subfield code="v">550.00</subfield>
    <subfield code="y">EN</subfield>
  </datafield>
  <datafield tag="952" ind1=" " ind2=" ">
    <subfield code="0">0</subfield>
    <subfield code="1">0</subfield>
    <subfield code="4">0</subfield>
    <subfield code="7">0</subfield>
    <subfield code="8">NFIC</subfield>
    <subfield code="a">RKP</subfield>
    <subfield code="b">RKP</subfield>
    <subfield code="d">2016-03-15</subfield>
    <subfield code="e">A451323/29.9.2015/117/16.9.2015/30.9.2015</subfield>
    <subfield code="g">550.00</subfield>
    <subfield code="l">0</subfield>
    <subfield code="o">650.144 SAJ</subfield>
    <subfield code="p">B-601864</subfield>
    <subfield code="r">2016-03-15 00:00:00</subfield>
    <subfield code="t">1</subfield>
    <subfield code="v">550.00</subfield>
    <subfield code="y">EN</subfield>
  </datafield>
  <datafield tag="952" ind1=" " ind2=" ">
    <subfield code="0">0</subfield>
    <subfield code="1">0</subfield>
    <subfield code="4">0</subfield>
    <subfield code="7">0</subfield>
    <subfield code="8">NFIC</subfield>
    <subfield code="a">AG</subfield>
    <subfield code="b">AG</subfield>
    <subfield code="d">2016-03-15</subfield>
    <subfield code="e">A451323/29.9.2015/117/16.9.2015/30.9.2015</subfield>
    <subfield code="g">550.00</subfield>
    <subfield code="l">2</subfield>
    <subfield code="o">650.144 SAJ</subfield>
    <subfield code="p">B-601865</subfield>
    <subfield code="r">2022-07-22 00:00:00</subfield>
    <subfield code="s">2022-07-11</subfield>
    <subfield code="t">1</subfield>
    <subfield code="v">550.00</subfield>
    <subfield code="y">EN</subfield>
  </datafield>
  <datafield tag="952" ind1=" " ind2=" ">
    <subfield code="0">0</subfield>
    <subfield code="1">0</subfield>
    <subfield code="4">0</subfield>
    <subfield code="7">0</subfield>
    <subfield code="8">NFIC</subfield>
    <subfield code="a">ZLS</subfield>
    <subfield code="b">ZLS</subfield>
    <subfield code="d">2016-03-15</subfield>
    <subfield code="e">A451323/29.9.2015/117/16.9.2015/30.9.2015</subfield>
    <subfield code="g">550.00</subfield>
    <subfield code="l">3</subfield>
    <subfield code="m">3</subfield>
    <subfield code="o">650.144 SAJ</subfield>
    <subfield code="p">B-601866</subfield>
    <subfield code="r">2022-07-22 00:00:00</subfield>
    <subfield code="s">2022-07-06</subfield>
    <subfield code="t">1</subfield>
    <subfield code="v">550.00</subfield>
    <subfield code="y">EN</subfield>
  </datafield>
  <datafield tag="952" ind1=" " ind2=" ">
    <subfield code="0">0</subfield>
    <subfield code="1">0</subfield>
    <subfield code="4">0</subfield>
    <subfield code="7">0</subfield>
    <subfield code="8">NFIC</subfield>
    <subfield code="a">QRP</subfield>
    <subfield code="b">QRP</subfield>
    <subfield code="d">2016-03-15</subfield>
    <subfield code="e">A451323/29.9.2015/117/16.9.2015/30.9.2015</subfield>
    <subfield code="g">550.00</subfield>
    <subfield code="l">0</subfield>
    <subfield code="o">650.144 SAJ</subfield>
    <subfield code="p">B-601867</subfield>
    <subfield code="r">2016-03-15 00:00:00</subfield>
    <subfield code="t">1</subfield>
    <subfield code="v">550.00</subfield>
    <subfield code="y">EN</subfield>
  </datafield>
  <datafield tag="952" ind1=" " ind2=" ">
    <subfield code="0">0</subfield>
    <subfield code="1">0</subfield>
    <subfield code="4">0</subfield>
    <subfield code="7">0</subfield>
    <subfield code="8">NFIC</subfield>
    <subfield code="a">VP</subfield>
    <subfield code="b">VP</subfield>
    <subfield code="d">2016-03-15</subfield>
    <subfield code="e">A451323/29.9.2015/117/16.9.2015/30.9.2015</subfield>
    <subfield code="g">550.00</subfield>
    <subfield code="l">7</subfield>
    <subfield code="m">5</subfield>
    <subfield code="o">650.144 SAJ</subfield>
    <subfield code="p">B-601868</subfield>
    <subfield code="r">2022-05-18 00:00:00</subfield>
    <subfield code="s">2022-04-18</subfield>
    <subfield code="t">1</subfield>
    <subfield code="v">550.00</subfield>
    <subfield code="y">EN</subfield>
  </datafield>
  <datafield tag="952" ind1=" " ind2=" ">
    <subfield code="0">0</subfield>
    <subfield code="1">0</subfield>
    <subfield code="4">0</subfield>
    <subfield code="7">0</subfield>
    <subfield code="8">NFIC</subfield>
    <subfield code="a">BN</subfield>
    <subfield code="b">BN</subfield>
    <subfield code="d">2016-03-15</subfield>
    <subfield code="e">A451323/29.9.2015/117/16.9.2015/30.9.2015</subfield>
    <subfield code="g">550.00</subfield>
    <subfield code="l">2</subfield>
    <subfield code="o">650.144 SAJ</subfield>
    <subfield code="p">B-601869</subfield>
    <subfield code="r">2019-07-12 00:00:00</subfield>
    <subfield code="s">2019-07-01</subfield>
    <subfield code="t">1</subfield>
    <subfield code="v">550.00</subfield>
    <subfield code="y">EN</subfield>
  </datafield>
  <datafield tag="952" ind1=" " ind2=" ">
    <subfield code="0">0</subfield>
    <subfield code="1">0</subfield>
    <subfield code="4">0</subfield>
    <subfield code="7">0</subfield>
    <subfield code="8">NFIC</subfield>
    <subfield code="a">BL4</subfield>
    <subfield code="b">BL4</subfield>
    <subfield code="d">2016-03-15</subfield>
    <subfield code="e">A451323/29.9.2015/117/16.9.2015/30.9.2015</subfield>
    <subfield code="g">550.00</subfield>
    <subfield code="l">4</subfield>
    <subfield code="m">2</subfield>
    <subfield code="o">650.144 SAJ</subfield>
    <subfield code="p">B-601870</subfield>
    <subfield code="r">2023-05-29 00:00:00</subfield>
    <subfield code="s">2023-05-18</subfield>
    <subfield code="t">1</subfield>
    <subfield code="v">550.00</subfield>
    <subfield code="y">EN</subfield>
  </datafield>
  <datafield tag="952" ind1=" " ind2=" ">
    <subfield code="0">0</subfield>
    <subfield code="1">0</subfield>
    <subfield code="4">0</subfield>
    <subfield code="7">0</subfield>
    <subfield code="8">NFIC</subfield>
    <subfield code="a">ZLS</subfield>
    <subfield code="b">ZLS</subfield>
    <subfield code="d">2016-03-15</subfield>
    <subfield code="e">A451323/29.9.2015/117/16.9.2015/30.9.2015</subfield>
    <subfield code="g">550.00</subfield>
    <subfield code="l">1</subfield>
    <subfield code="m">2</subfield>
    <subfield code="o">650.144 SAJ</subfield>
    <subfield code="p">B-601871</subfield>
    <subfield code="r">2019-05-25 00:00:00</subfield>
    <subfield code="s">2019-04-07</subfield>
    <subfield code="t">2</subfield>
    <subfield code="v">550.00</subfield>
    <subfield code="y">EN</subfield>
  </datafield>
  <datafield tag="952" ind1=" " ind2=" ">
    <subfield code="0">0</subfield>
    <subfield code="1">0</subfield>
    <subfield code="4">0</subfield>
    <subfield code="7">0</subfield>
    <subfield code="8">NFIC</subfield>
    <subfield code="a">RC</subfield>
    <subfield code="b">RC</subfield>
    <subfield code="d">2016-03-15</subfield>
    <subfield code="e">A451323/29.9.2015/117/16.9.2015/30.9.2015</subfield>
    <subfield code="g">550.00</subfield>
    <subfield code="l">1</subfield>
    <subfield code="o">650.144 SAJ</subfield>
    <subfield code="p">B-601872</subfield>
    <subfield code="r">2019-02-23 00:00:00</subfield>
    <subfield code="s">2019-02-13</subfield>
    <subfield code="t">2</subfield>
    <subfield code="v">550.00</subfield>
    <subfield code="y">EN</subfield>
  </datafield>
</record>
